000 00281nam a2200121 a 4500
008 100719s2008|||| d
245 1 0 _aTajomstvá letnej noci
100 1 _aKleypasová, Lisa
260 _bIkar
_aBratislava
_c2008
020 _c299
041 _aslo
044 _axo
_cSK
999 _c8079
_d8079